000 00282nam a22001217a 4500
008 170905b xxu||||| |||| 00| 0 eng d
041 _aeng
080 _210 ED
_a070
100 _a40
101 _aMED
245 _aTHE PRACTICE PUBLIC RELATIONS
_cSEITEL.F.P
942 _2udc
_cBK
999 _c26088
_d26088